Name one city that... # 17 - Statistics

General Stats
  • This quiz has been taken 80 times
    51 since last reset
  • The average score is 15 of 20
Answer Stats
Name one city that... City % Correct
Is a capital city and is crossed by the Prime Meridian Accra | London
98%
Is among the 5 largest cities along the Great Lakes of North America Chicago | Hamilton | Milwaukee | Mississauga | Toronto
98%
Is the city where one of the three biggest companies that make videogame consoles has it's headquartes Kyoto | Redmond | Tokyo
91%
Is a 4 letter capital city that starts with letter 'L' Lima | Lomé
91%
Is a 4 letter capital city that starts with letter 'R' Riga | Rome
91%
Is one of the cities on each side of the Øresund Bridge Copenhagen | Malmö
89%
Was the birthplace of one of the members of the famous band 'The Rolling Stones' Cheltenham | London | Pittenweem | Welwyn Garden City
87%
Is a Brazilian state capital whose state has the same name Rio de Janeiro | São Paulo
87%
Is the capital of one of the Caucasus countries Baku | Tbilisi | Yerevan
85%
Is the capital city of a country that borders both the Indian and Atlantic oceans Bloemfontein | Cape Town | Pretoria
83%
Was one of the two main rivals of the Peloponnesian War Athens | Sparta
81%
Is the largest non capital city in each country that got it's independence from Yugoslavia Banja Luka | Kumanovo | Maribor | Nikšić | Novi Sad | Prizren | Split
81%
Is a capital city of a fully insular Asian nation Bandar Seri Begawan | Colombo | Dili | Jakarta | Kotte | Malé | Manama | Manila | Nicosia | Singapore | Taipei | Tokyo
74%
Is among the 5 largest cities along the African Great Lakes Bujumbura | Bukavu | Kampala | Kisumu | Mwanza
74%
Is the capital of a US state considered part of the 'Rust Belt' Albany | Charleston | Columbus | Harrisburg | Indianapolis | Jefferson City | Lansing | Madison | Springfield
70%
Is not currently a part of the UK, but was the birthplace of a British prime minister Dublin | New York City | Rexton
70%
Is the home of one (or more) of the top 10 best supercomputers as of June 2022 Berkeley | Guangzhou | Kajaani | Kobe | Oak Ridge | Paris | Wuxi
51%
Is one of the 5 largest cities on the Paraná river Asunción | Corrientes | Resistencia | Rosario | Santa Fe
47%
Has a name that comes directly from (may have been altered over time) at least partially from the word/title/name 'Caesar' Cáceres | Caesarea | Casares | Kaisareia | Kaiserslautern | Kayseri | Zaragoza
32%
Is part of Spain but used to be part of Portugal at some point Ceuta | Olivenza | Táliga
28%
No matching quizzes found
Score Distribution
Percent of People with Each Score
Percentile by Number Answered
Your Score History
You have not taken this quiz since the last reset